Discography of Rock Bands - Statistics

General Stats
  • This quiz has been taken 23 times
  • The average score is 92 of 254
Answer Stats
Band Album Year % Correct
The Beatles The Beatles (White Album) 1968
85%
The Beatles Yellow Submarine 1969
85%
The Beatles Abbey Road 1969
80%
The Eagles Hotel California 1976
80%
The Beatles Let It Be 1970
80%
Metallica Metallica 1991
80%
Pink Floyd The Dark Side of the Moon 1973
80%
Metallica …And Justice for All 1988
75%
AC/DC Highway to Hell 1979
75%
Led Zeppelin Led Zeppelin 1969
75%
Metallica Master of Puppets 1986
75%
Nirvana Nevermind 1991
75%
The Who Who 2019
75%
The Beatles A Hard Day‘s Night 1964
70%
Queen A Night at the Opera 1975
70%
AC/DC Back in Black 1980
70%
Black Sabbath Black Sabbath 1970
70%
Red Hot Chili Peppers Californication 1999
70%
The Beatles Help! 1965
70%
Metallica Kill‘ Em All 1983
70%
The Beatles Revolver 1966
70%
Metallica Ride the Lightning 1984
70%
The Beatles Rubber Soul 1965
70%
The Doors The Doors 1967
70%
Guns N‘ Roses Appetite for Destruction 1987
65%
Foo Fighters Foo Fighters 1995
65%
Nirvana In Utero 1993
65%
Led Zeppelin Led Zeppelin II 1969
65%
Led Zeppelin Led Zeppelin III 1970
65%
The Beatles Magical Mystery Tour 1967
65%
Radiohead OK Computer 1997
65%
Black Sabbath Paranoid 1970
65%
Led Zeppelin Physical Graffiti 1975
65%
Queen Queen 1973
65%
The Rolling Stones Sticky Fingers 1971
65%
Pink Floyd The Wall 1979
65%
The Who Tommy 1969
65%
Queen A Day at the Races 1976
60%
The Rolling Stones Exile on Main Street 1972
60%
Led Zeppelin Houses of the Holy 1973
60%
The Doors L.A. Woman 1971
60%
Led Zeppelin Led Zeppelin IV 1971
60%
The Rolling Stones Let It Bleed 1969
60%
The Beatles Sgt. Pepper‘s Lonely Hearts Club Band 1967
60%
U2 The Joshua Tree 1987
60%
Pink Floyd Wish You Were Here 1975
60%
The Rolling Stones Beggars Banquet 1968
55%
Nirvana Bleach 1989
55%
Red Hot Chili Peppers Blood Sugar Sex Magik 1991
55%
Deep Purple Deep Purple 1969
55%
The Rolling Stones Goats Head Soup 1973
55%
Radiohead In Rainbows 2007
55%
Queen Jazz 1978
55%
The Who My Generation 1965
55%
R.E.M. Out of Time 1991
55%
Radiohead Pablo Honey 1993
55%
Queen Sheer Heart Attack 1974
55%
The Rolling Stones Some Girls 1978
55%
Metallica St. Anger 2003
55%
Pink Floyd The Piper at the Gates of Dawn 1967
55%
AC/DC T.N.T. 1975
55%
The Who Who‘s Next 1971
55%
Deep Purple =1 2024
50%
Pink Floyd Animals 1977
50%
Pink Floyd Atom Heart Mother 1970
50%
Led Zeppelin Coda 1982
50%
The Eagles Eagles 1972
50%
Metallica Hardwired…to Self-Destruct 2016
50%
AC/DC High Voltage 1975
50%
Queen Innuendo 1991
50%
Led Zeppelin In Through the Out Door 1979
50%
Metallica Load 1996
50%
Black Sabbath Master of Reality 1971
50%
The Doors Morrison Hotel 1970
50%
The Beatles Please Please Me 1963
50%
The Who Quadrophenia 1973
50%
Metallica ReLoad 1997
50%
Pearl Jam Ten 1991
50%
Radiohead The Bends 1995
50%
AC/DC The Razors Edge 1990
50%
The Rolling Stones The Rolling Stones 1964
50%
Guns N‘ Roses The Spaghetti Incident? 1993
50%
Guns N‘ Roses Use Your Illusion I 1991
50%
Guns N‘ Roses Use Your Illusion II 1991
50%
Queen A Kind of Magic 1986
45%
R.E.M. Automatic for the People 1992
45%
Guns N‘ Roses Chinese Democracy 2008
45%
Metallica Death Magnetic 2008
45%
Deep Purple Deep Purple in Rock 1970
45%
AC/DC Dirty Deeds Done Dirt Cheap 1976
45%
R.E.M. Document 1987
45%
AC/DC Fly on the Wall 1985
45%
Guns N‘ Roses G N‘ R Lies 1988
45%
Queen Hot Space 1982
45%
Radiohead Kid A 2000
45%
AC/DC Let There Be Rock 1977
45%
R.E.M. Monster 1994
45%
R.E.M. Murmur 1983
45%
AC/DC Powerage 1978
45%
Queen Queen II 1974
45%
Pink Floyd The Division Bell 1994
45%
Pink Floyd The Final Cut 1983
45%
Queen The Game 1980
45%
Queen The Miracle 1989
45%
Red Hot Chili Peppers The Red Hot Chili Peppers 1984
45%
The Who The Who Sell Out 1967
45%
Pink Floyd Ummagumma 1969
45%
Pearl Jam Vs. 1993
45%
Black Sabbath 13 2013
40%
Metallica 72 Seasons 2023
40%
Pink Floyd A Saucerful of Secrets 1968
40%
U2 Boy 1980
40%
Deep Purple Burn 1974
40%
AC/DC Flick of the Switch 1983
40%
AC/DC For Those About to Rock (We Salute You) 1981
40%
R.E.M. Green 1988
40%
Radiohead Hail to the Thief 2003
40%
Black Sabbath Heaven and Hell 1980
40%
R.E.M. Lifes Rich Pageant 1986
40%
Pink Floyd Meddle 1971
40%
Queen News of the World 1977
40%
Pearl Jam Pearl Jam 2006
40%
AC/DC Power Up 2020
40%
R.E.M. Reckoning 1984
40%
AC/DC Rock or Bust 2014
40%
Black Sabbath Sabbath Bloody Sabbath 1973
40%
The Rolling Stones Steel Wheels 1989
40%
Pink Floyd The Endless River 2014
40%
U2 The Unforgettable Fire 1984
40%
Queen The Works 1984
40%
Black Sabbath Vol. 4 1972
40%
U2 War 1983
40%
U2 Achtung Baby 1991
35%
Pink Floyd A Momentary Lapse of Reason 1987
35%
AC/DC Black Ice 2008
35%
AC/DC Blow Up Your Video 1988
35%
The Rolling Stones Bridges to Babylon 1997
35%
R.E.M. Fables of the Reconstruction 1985
35%
Queen Made in Heaven 1995
35%
Black Sabbath Mob Rules 1981
35%
Red Hot Chili Peppers Mother‘s Milk 1989
35%
R.E.M. New Adventures in Hi-Fi 1996
35%
Deep Purple Perfect Strangers 1984
35%
Black Sabbath Sabotage 1975
35%
Black Sabbath Seventh Star 1986
35%
Black Sabbath Technical Ecstasy 1976
35%
Foo Fighters The Colour and the Shape 1997
35%
Black Sabbath Tyr 1990
35%
R.E.M. Up 1998
35%
The Who Who Are You 1978
35%
The Rolling Stones Aftermath 1966
30%
R.E.M. Collapse into Now 2011
30%
U2 How to Dismantle an Atomic Bomb 2004
30%
Black Sabbath Never Say Die! 1978
30%
The Doors Strange Days 1967
30%
The Rolling Stones Their Satanic Majesties Request 1967
30%
The Eagles The Long Run 1979
30%
The Rolling Stones Undercover 1983
30%
U2 Zooropa 1993
30%
R.E.M. Around the Sun 2004
25%
The Rolling Stones Between the Buttons 1967
25%
Red Hot Chili Peppers By the Way 2002
25%
Black Sabbath Dehumanizer 1992
25%
Deep Purple Fireball 1971
25%
The Rolling Stones Hackney Diamonds 2023
25%
Black Sabbath Headless Cross 1989
25%
Deep Purple Machine Head 1972
25%
U2 Pop 1997
25%
Red Hot Chili Peppers Stadium Arcadium 2006
25%
Deep Purple Who Do We Think We Are 1973
25%
AC/DC Ballbreaker 1995
20%
The Rolling Stones Emotional Rescue 1980
20%
Red Hot Chili Peppers One Hot Minute 1995
20%
Led Zeppelin Presence 1976
20%
R.E.M. Reveal 2001
20%
The Rolling Stones Tattoo You 1981
20%
R.E.M. Accelerate 2008
15%
U2 All That You Can‘t Leave Behind 2000
15%
Radiohead Amnesiac 2001
15%
Radiohead A Moon Shaped Pool 2016
15%
The Who A Quick One 1966
15%
The Rolling Stones Black and Blue 1976
15%
Black Sabbath Born Again 1983
15%
U2 October 1981
15%
The Eagles One of These Nights 1975
15%
The Rolling Stones Out of Our Heads 1965
15%
AC/DC Stiff Upper Lip 2000
15%
Red Hot Chili Peppers The Getaway 2016
15%
Radiohead The King of Limbs 2011
15%
Foo Fighters There Is Nothing Left to Lose 1999
15%
The Who The Who by Numbers 1975
15%
The Rolling Stones Voodoo Lounge 1994
15%
Deep Purple Abandon 1998
10%
Pearl Jam Backspacer 2009
10%
Deep Purple Bananas 2003
10%
The Rolling Stones Blue & Lonesome 2016
10%
Deep Purple Come Taste the Band 1975
10%
Foo Fighters Concrete and Gold 2017
10%
The Eagles Desperado 1973
10%
The Rolling Stones Dirty Work 1986
10%
Foo Fighters Echoes, Silence, Patience & Grace 2007
10%
The Who Face Dances 1981
10%
Red Hot Chili Peppers I‘m with You 2011
10%
Deep Purple Infinite 2017
10%
The Who It‘s Hard 1982
10%
Pearl Jam Lightning Bolt 2013
10%
The Eagles Long Road Out of Eden 2007
10%
Pearl Jam No Code 1996
10%
Foo Fighters One by One 2002
10%
Deep Purple Purpendicular 1996
10%
Red Hot Chili Peppers Return of the Dream Canteen 2022
10%
Deep Purple Shades of Deep Purple 1968
10%
U2 Songs of Innocence 2014
10%
Foo Fighters Sonic Highways 2014
10%
Deep Purple Stormbringer 1974
10%
Deep Purple The Battle Rages On 1993
10%
Black Sabbath The Eternal Idol 1987
10%
The Rolling Stones The Rolling Stones No. 2 1965
10%
Red Hot Chili Peppers Unlimited Love 2022
10%
Pearl Jam Vitalogy 1994
10%
The Doors Waiting for the Sun 1968
10%
Foo Fighters Wasting Light 2011
10%
Deep Purple Whoosh! 2020
10%
Pearl Jam Yield 1998
10%
The Rolling Stones A Bigger Bang 2005
5%
The Doors An American Prayer 1978
5%
Pearl Jam Binaural 2000
5%
Foo Fighters But Here We Are 2023
5%
Black Sabbath Cross Purposes 1994
5%
Pearl Jam Dark Matter 2024
5%
The Who Endless Wire 2006
5%
Black Sabbath Forbidden 1995
5%
Red Hot Chili Peppers Freaky Styley 1985
5%
The Doors Full Circle 1972
5%
Pearl Jam Gigaton 2020
5%
Foo Fighters In Your Honor 2005
5%
The Rolling Stones It‘ Only Rock ‘n Roll 1974
5%
Foo Fighters Medicine at Midnight 2021
5%
U2 No Line on the Horizon 2009
5%
Deep Purple Now What?! 2013
5%
The Eagles On the Border 1974
5%
The Doors Other Voices 1971
5%
Deep Purple Rapture of the Deep 2005
5%
Pearl Jam Riot Act 2002
5%
Deep Purple Slaves and Masters 1990
5%
U2 Songs of Experience 2017
5%
U2 Songs of Surrender 2023
5%
Deep Purple The Book of Taliesyn 1968
5%
Deep Purple The House of Blue Light 1987
5%
The Doors The Soft Parade 1969
5%
Red Hot Chili Peppers The Uplift Mofo Party Plan 1987
5%
Deep Purple Turning to Crime 2021
5%
U2 Rattle and Hurn 1988
0%
Queen The Cosmos Rocks 2008
0%
No matching quizzes found
Score Distribution
Percent of People with Each Score
Percentile by Number Answered
Your Score History
You have not taken this quiz